Hilda e o Troll (Record no. 124095)

MARC details
000 -LÍDER
campo de controle de tamanho fixo 01245 a2200217 4500
001 - NÚMERO DE CONTROLE
campo de controle 124095
020 ## - ISBN - INTERNATIONAL STANDARD BOOK NUMBER
ISBN - International Standard Book Number 9788535928457
040 ## - FONTE DA CATALOGAÇÃO
Instituição que transcreveu o registro Escola Canadense de Niteroi
090 ## - NÚMERO DE CHAMADA LOCAL
Número de chamada (OCLC) (R); Número de chamada, CALL (RLIN) (NR) PEA
100 ## - ENTRADA PRINCIPAL--NOME PESSOAL
Nome pessoal Pearson, Luke
245 10 - TÍTULO
Título Hilda e o Troll
250 ## - EDIÇÃO
Edição 1.ed.
260 ## - PUBLICAÇÃO, DISTRIBUIÇÃO, ETC.
Local de publicação, distribuição, etc. São Paulo
300 ## - DESCRIÇÃO FÍSICA
Extensão 48 p.
Outros detalhes físicos il.
Dimensões 6 x 19.6 x 0.9 cm
362 0# - DATAS DE PUBLICAÇÃO E/OU DESIGNAÇÃO SEQUENCIAL
Datas de publicação e/ou designação sequencial 2021
520 ## - NOTA DE RESUMO, ETC
Resumo, etc. Hilda adora aventuras, seja acampar numa noite chuvosa ou explorar a paisagem montanhosa nos arredores de casa. Durante uma expedição pelas colinas, ela encontra uma pedra muito suspeita: de dia, é apenas uma rocha engraçada, mas à noite se transforma num troll! Enquanto faz um desenho no caderno para registrar sua mais nova descoberta, Hilda acaba pegando no sono, e, ao acordar, o troll desapareceu. Agora, no caminho de volta para casa, Hilda terá de lidar com uma floresta assustadora, um gigante perdido, um homem de madeira misterioso e um sino tilintante. Inspirado no folclore nórdico, este quadrinho de cores vivas mistura realidade e fantasia para criar um universo deslumbrante, de onde crianças e adultos não vão querer sair.
650 #4 - ASSUNTO--TERMO TÓPICO
Cabeçalho tópico ou nome geográfico Literatura Infantil
650 #4 - ASSUNTO--TERMO TÓPICO
Cabeçalho tópico ou nome geográfico Ação ou Aventura
650 #4 - ASSUNTO--TERMO TÓPICO
Cabeçalho tópico ou nome geográfico História em quadrinhos
942 ## - ELEMENTOS DE ENTRADA ADICIONADOS (KOHA)
Tipo de material Koha Livros
Holdings
Situação do descarte Situação das perdas Situação física Não pode ser emprestado Biblioteca de origem Biblioteca atual Data de aquisição Total de empréstimos Número de chamada completo Código de barras Data de último acesso Data do preço efetivo Tipo de material Koha
        Canadian School of Niterói - Piratininga Canadian School of Niterói - Piratininga 09/02/2024   PEA A25694 09/02/2024 09/02/2024 Livros